Paroles: Place de la République - Cœur de Pirate - Statistiques

Statistiques générales
  • Ce quiz a été pris 35 fois
  • Le résultat moyen est 228 sur 267
Statistiques - réponses
Réponse % Correct
à
100%
a
100%
d'
100%
C'
95%
c'
95%
Ce
95%
de
95%
De
95%
Et
95%
l'
95%
m'
95%
n'
95%
ne
95%
ou
95%
pas
95%
qu'
95%
quand
95%
s'
95%
t'
95%
Tu
95%
tu
95%
ai
90%
au
90%
bien
90%
dire
90%
es
90%
est
90%
J'
90%
j'
90%
je
90%
Je
90%
la
90%
le
90%
Mais
90%
Moi
90%
moins
90%
peine
90%
Place
90%
plus
90%
que
90%
Que
90%
qui
90%
République
90%
seras
90%
soir
90%
te
90%
temps
90%
un
90%
Un
90%
attend
86%
attendrai
86%
certaine
86%
cœur
86%
comme
86%
dur
86%
en
86%
En
86%
être
86%
grand
86%
kilomètres
86%
me
86%
On
86%
on
86%
plutôt
86%
prendre
86%
quelques
86%
rendue
86%
risque
86%
sais
86%
si
86%
ton
86%
triste
86%
vaut
86%
voulu
86%
y
86%
Aux
81%
cette
81%
comment
81%
connu
81%
dans
81%
les
81%
moment
81%
oublie
81%
Par
81%
perd
81%
plaire
81%
sans
81%
âme
76%
autres
76%
couru
76%
exigences
76%
filles
76%
fin
76%
habité
76%
manquer
76%
Ni
76%
ont
76%
savoir
76%
sereine
76%
tant
76%
une
76%
vois
76%
cœurs
71%
connus
71%
créées
71%
démarquer
71%
espère
71%
forte
71%
longeant
71%
nos
71%
pourquoi
71%
sont
71%
suis
71%
tes
71%
tout
71%
dois
67%
espérant
67%
marqué
67%
océan
67%
restés
67%
retrouver
67%
Seine
67%
traverser
67%
bras
62%
doucement
62%
mer
62%
réalité
62%
arracherai
57%
demain
57%
des
57%
matin
57%
emballe
48%
Porte
33%
Ternes
10%
ternes
10%
Aucun quiz correspondant
Distribution des résultats
% des personnes avec chaque résultat
Percentile par nombre de réponses
Votre historique - résultats
Vous n’avez pas pris ce quiz